Účtovná závierka neziskových účtovných jednotiek za rok 2024 účtujúcich v sústave podvojného účtovníctva

Účtovná závierka je štruktúrovaná prezentácia finančnej situácie a finančnej výkonnosti účtovnej jednotky. Predstavuje súbor účtovných výkazov a cieľom účtovnej závierky je poskytnúť informácie o finančnej situácii, finančnej výkonnosti a peňažných tokoch účtovnej jednotky, ktoré sú pre široký okruh...

Descripción completa

Guardado en:
Detalles Bibliográficos
Autor principal: Uríková, Zuzana
Formato: Capítulo de libro
Lenguaje:eslovaco
Materias:
Etiquetas: Agregar Etiqueta
Sin Etiquetas, Sea el primero en etiquetar este registro!

MARC

LEADER 00000naa a2200000 4500
001 0306093
005 20250113101530.9
041 0 |a slo 
044 |a SK 
245 1 0 |a Účtovná závierka neziskových účtovných jednotiek za rok 2024 účtujúcich v sústave podvojného účtovníctva  |c Zuzana Uríková 
520 |a Účtovná závierka je štruktúrovaná prezentácia finančnej situácie a finančnej výkonnosti účtovnej jednotky. Predstavuje súbor účtovných výkazov a cieľom účtovnej závierky je poskytnúť informácie o finančnej situácii, finančnej výkonnosti a peňažných tokoch účtovnej jednotky, ktoré sú pre široký okruh používateľov užitočné pri prijímaní ekonomických rozhodnutí. 
610 2 0 |a uzávierka účtovná 
610 2 0 |a jednotka účtovná 
610 2 0 |a účtovníctvo podvojné 
610 2 0 |a výnosy 
610 2 0 |a ekonomika 
100 1 |a Uríková, Zuzana